00649nam a2200229 a 4500001001300000003000900013005001700022008004100039020001000080082001700090100002800107245001700135260003100152300000900183500003500192650001600227700002800243902000800271942000700279952011800286999001500404nice12345678IN_TiNIC20260116012544.0070620s1987 dela grp 000 0 eng  ac10000a891.41bNAH1 aNaheef, Julious Dehlavi aAwaz-E-watan aDelhi bNo Publisherc1987 a112p aincludes index and biblioraphy aUrdu-Poetry1 aNaheef, Julious Dehlavi bSRS cBK 001040708StackRoom-aHMIbHMId2007-06-20g100.00l0o891.41 NAH1p013839r2007-06-20v100.00w2007-06-20yBK c7456d7456